000 00542nam a2200193Ia 4500
003 OSt
005 20260422165202.0
008 210210b1986 xxu||||| |||| 00| 0 eng d
040 _cAL
041 _aKannada
082 _a910.4K NAGN
100 _aNAGEGAUDA (K L).
_dನಾಗೇಗೌಡ (ಎಚ್ ಎಲ್)
_9262332
245 _aNa kanda prapancha.
_bನಾ ಕಂಡ ಪ್ರಪಂಚ
260 _aBengaluru
_bSahitya Sadana Prakashana
_c1986
300 _ax,470
690 _aTravel
_9262333
906 _a038721
942 _2ddc
_cBK
999 _c88855
_d88855